El estudiante (Record no. 54521)

MARC details
000 -LEADER
campo de control de longitud fija 00682nam a2200181 i 4500
001 - NÚMERO DE CONTROL
campo de control 54521
003 - IDENTIFICADOR DE NÚMERO DE CONTROL
campo de control ES-MaACL
005 - FECHA Y HORA DE LA ÚLTIMA TRANSACCIÓN
campo de control 20240424092321.0
008 - DATOS DE LONGITUD FIJA--INFORMACIÓN GENERAL
campo de control de longitud fija 960723s1888 sp |||| | spa d
100 1# - ENTRADA PRINCIPAL--NOMBRE DE PERSONA
Nombre de persona Fraguas, José.
9 (RLIN) 52090
245 13 - MENCIÓN DEL TÍTULO
Título El estudiante
Resto del título : novela de costumbres escolares /
Mención de responsabilidad, etc. por José Fraguas ; con un prólogo de Alejandro Sawa.
260 ## - PUBLICACIÓN, DISTRIBUCIÓN, ETC.
Lugar de publicación, distribución, etc. Madrid :
Nombre del editor, distribuidor, etc. Juan Muñoz Sánchez,
Fecha de publicación, distribución, etc. [1888?] (
Fabricante Imp. de Pedro Nuñez)
300 ## - DESCRIPCIÓN FÍSICA
Extensión 295 p. ;
Dimensiones 19 cm.
500 ## - NOTA GENERAL
Nota general Fecha tomada de la dedicatoria manuscrita del autor.
700 1# - ENTRADA AGREGADA--NOMBRE PERSONAL
Nombre de persona Sawa, Alejandro,
Fechas asociadas al nombre 1862-1909
9 (RLIN) 104088
852 ## - LOCALIZACIÓN
Ubicación ES-MaACL
Número de control de estantería G-11663
Nota libre . - Dedicatoria autógrafa del autor
Holdings
Estatus retirado Estado de pérdida Estado de daño No para préstamo Colección Biblioteca de origen Biblioteca actual Ubicación en estantería Fecha de adquisición Fuente de adquisición Total de préstamos Signatura topográfica completa Código de barras Visto por última vez Precio de reemplazo Tipo de ítem Koha
        Libros del s. XIX Biblioteca del Ateneo de Madrid Biblioteca del Ateneo de Madrid Sala Pecera Planta 3 17/01/2008     G-11663 1057292 23/02/2023 23/02/2023 Libro impreso antiguo